[Event "SM-2014-0-00301"]
[Site "LSS email"]
[Date "2014.08.22"]
[Round "?"]
[White "Larwinski, Paul"]
[Black "Meier, Christian"]
[Result "1/2-1/2"]
[WhiteElo "2342"]
[BlackElo "2412"]
[PlyCount "50"]
[EventDate "2014.07.28"]
[EventType "tourn (corr)"]
[EventRounds "6"]
[EventCountry "GER"]
[SourceTitle "Corr 2022"]
[Source "ChessBase"]
[SourceDate "2021.10.24"]
[SourceVersion "1"]
[SourceVersionDate "2021.10.24"]
[SourceQuality "1"]

1. e4 c5 2. Nf3 e6 3. d4 cxd4 4. Nxd4 Nc6 5. Nc3 Qc7 6. Be3 a6 7. a3 Nf6 8. f4 d5 9. e5 Nd7 10. Qg4 b5 11. Bd3 Nb6 12. 0-0 g6 13. Qg3 Nc4 14. Bxc4 bxc4 15. b4 cxb3 16. cxb3 Bd7 17. Rfc1 Qb7 18. Nxc6 Bxc6 19. Ne2 Bd7 20. Bc5 Bxc5+ 21. Rxc5 0-0 22. Rac1 Rac8 23. Nd4 a5 24. Qe3 Qb6 25. R5c3 Qa6 1/2-1/2

[Event "SM-2013-0-00285"]
[Site "LSS email"]
[Date "2014.02.27"]
[Round "?"]
[White "Meier, Christian"]
[Black "Szabo, Mihaly"]
[Result "1/2-1/2"]
[WhiteElo "2248"]
[BlackElo "2254"]
[PlyCount "53"]
[EventDate "2013.12.22"]
[EventType "tourn (corr)"]
[EventRounds "6"]
[EventCountry "GER"]
[SourceTitle "Corr 2015"]
[Source "ChessBase"]
[SourceDate "2015.07.17"]
[SourceVersion "1"]
[SourceVersionDate "2015.07.17"]
[SourceQuality "1"]

1. d4 Nf6 2. c4 e6 3. Nc3 Bb4 4. e3 0-0 5. Bd3 b6 6. Nge2 d5 7. cxd5 exd5 8. a3 Bd6 9. b4 c6 10. 0-0 Re8 11. f3 c5 12. e4 cxd4 13. Nxd5 Nxd5 14. exd5 a5 15. Bf4 Ba6 16. b5 Bb7 17. Bxd6 Qxd6 18. Bc4 d3 19. Qxd3 Nd7 20. Qd4 Rac8 21. Nf4 Qc5 22. Qxc5 Rxc5 23. Bd3 g5 24. Nh5 Bxd5 25. Bf5 Be6 26. Bxe6 Rxe6 27. Rfd1 1/2-1/2

[Event "BI-2013-F-0001"]
[Site "LSS email"]
[Date "2014.02.21"]
[Round "?"]
[White "Bulgarini Torre, Marco"]
[Black "Meier, Christian"]
[Result "0-1"]
[WhiteElo "2126"]
[BlackElo "2257"]
[PlyCount "92"]
[EventDate "2014.02.27"]
[EventType "tourn (corr)"]
[EventRounds "10"]
[EventCountry "GER"]
[SourceTitle "Corr 2015"]
[Source "ChessBase"]
[SourceDate "2015.07.17"]
[SourceVersion "1"]
[SourceVersionDate "2015.07.17"]
[SourceQuality "1"]

1. e4 c5 2. Nc3 Nc6 3. g3 g6 4. Bg2 Bg7 5. d3 d6 6. Nh3 e6 7. Bg5 Nge7 8. Qd2 h6 9. Be3 Qb6 10. Rb1 d5 11. exd5 exd5 12. Na4 Qb5 13. b3 Ne5 14. Bf4 Nf3+ 15. Bxf3 Bxh3 16. c4 Qd7 17. Nxc5 Qc8 18. d4 0-0 19. Rc1 Re8 20. Be3 Nc6 21. Bxd5 Nxd4 22. Nxb7 Qg4 23. Nd6 Rad8 24. c5 Nf3+ 25. Bxf3 Qxf3 26. Rg1 Bg4 27. Rc4 Be5 28. Kf1 h5 29. h3 Bxh3+ 30. Ke1 Bg4 31. Rxg4 hxg4 32. Nxe8 Bc3 33. Nd6 Qf6 34. b4 Bxd2+ 35. Kxd2 Qb2+ 36. Kd3 Qxb4 37. Ra1 Qb2 38. Bd4 Qa3+ 39. Kd2 Rb8 40. Nc4 Qa4 41. Kd3 Rb4 42. Rh1 f5 43. Rc1 Qxa2 44. Be3 Qa6 45. Bd2 Ra4 46. Be3 Kf7 0-1

[Event "BI-2013-F-0001"]
[Site "LSS email"]
[Date "2014.02.21"]
[Round "?"]
[White "Muhl, Patrick"]
[Black "Meier, Christian"]
[Result "1/2-1/2"]
[WhiteElo "2309"]
[BlackElo "2257"]
[PlyCount "54"]
[EventDate "2014.02.27"]
[EventType "tourn (corr)"]
[EventRounds "10"]
[EventCountry "GER"]
[SourceTitle "Corr 2015"]
[Source "ChessBase"]
[SourceDate "2015.07.17"]
[SourceVersion "1"]
[SourceVersionDate "2015.07.17"]
[SourceQuality "1"]

1. d4 Nf6 2. c4 g6 3. Nc3 d5 4. cxd5 Nxd5 5. e4 Nxc3 6. bxc3 Bg7 7. Nf3 c5 8. Be2 Nc6 9. d5 Bxc3+ 10. Bd2 Bxa1 11. Qxa1 Nd4 12. Nxd4 cxd4 13. Qxd4 0-0 14. 0-0 Re8 15. Rb1 e5 16. Qe3 Bd7 17. Rxb7 Rb8 18. Qxa7 Ra8 19. Qc5 Rxa2 20. Qc3 Qc8 21. Rc7 Ra1+ 22. Bf1 Qa6 23. Bc1 Qa4 24. h3 Rb1 25. Kh2 Qd1 26. Ba6 Ra8 27. Bb7 Ra2 1/2-1/2

[Event "BI-2013-F-0001"]
[Site "LSS email"]
[Date "2014.02.21"]
[Round "?"]
[White "Yarmolyuk, Yury"]
[Black "Meier, Christian"]
[Result "1/2-1/2"]
[WhiteElo "2168"]
[BlackElo "2257"]
[PlyCount "70"]
[EventDate "2014.02.27"]
[EventType "tourn (corr)"]
[EventRounds "10"]
[EventCountry "GER"]
[SourceTitle "Corr 2015"]
[Source "ChessBase"]
[SourceDate "2015.07.17"]
[SourceVersion "1"]
[SourceVersionDate "2015.07.17"]
[SourceQuality "1"]

1. d4 Nf6 2. c4 g6 3. Nc3 d5 4. cxd5 Nxd5 5. e4 Nxc3 6. bxc3 Bg7 7. Nf3 c5 8. Rb1 0-0 9. Be2 cxd4 10. cxd4 Qa5+ 11. Bd2 Qxa2 12. 0-0 b6 13. Qc1 Qe6 14. Re1 Ba6 15. Bd1 Bd3 16. Rb3 Bc4 17. Ng5 Qc8 18. Rc3 b5 19. Be2 Bxd4 20. Bxc4 Bxc3 21. Bxf7+ Rxf7 22. Nxf7 Kxf7 23. Bxc3 Qc5 24. Qf4+ Kg8 25. Qd2 Nc6 26. Qd5+ Qxd5 27. exd5 b4 28. dxc6 bxc3 29. Rc1 Kf7 30. Rxc3 Ke6 31. Kf1 Kd6 32. Ke2 e6 33. Ke3 Rf8 34. f4 Rf7 35. Ke4 a5 1/2-1/2

[Event "SA-2013-0-00377"]
[Site "LSS email"]
[Date "2013.11.13"]
[Round "?"]
[White "Meier, Christian"]
[Black "Kudr, Roman"]
[Result "1-0"]
[WhiteElo "2257"]
[BlackElo "1961"]
[PlyCount "105"]
[EventDate "2013.10.30"]
[EventType "tourn (corr)"]
[EventRounds "6"]
[EventCountry "GER"]
[SourceTitle "Corr 2015"]
[Source "ChessBase"]
[SourceDate "2015.07.17"]
[SourceVersion "1"]
[SourceVersionDate "2015.07.17"]
[SourceQuality "1"]

1. e4 e6 2. d4 d5 3. Nc3 Nf6 4. e5 Nfd7 5. f4 c5 6. Nf3 Nc6 7. Be3 cxd4 8. Nxd4 Bc5 9. Qd2 0-0 10. g3 a6 11. Bg2 Nxd4 12. Bxd4 b5 13. Bxc5 Nxc5 14. Ne2 Qc7 15. Qe3 Qa5+ 16. Kf2 Qb6 17. Rhd1 Bb7 18. Nd4 Rac8 19. Kg1 g6 20. a3 Rfd8 21. Bf3 h5 22. Rab1 Qc7 23. Re1 Qe7 24. Rf1 Rc7 25. c3 Kh7 26. Bd1 Ne4 27. Bc2 Kg8 28. Rbd1 Ba8 29. Qe2 Qf8 30. g4 hxg4 31. Qxg4 Re8 32. Rf3 f5 33. exf6 Qxf6 34. f5 exf5 35. Rxf5 Qg7 36. Rf3 Rce7 37. Bxe4 Rxe4 38. Qg2 Bb7 39. Rg3 Bc8 40. Rxg6 Rg4 41. Rxg4 Qxg4 42. Qxg4+ Bxg4 43. Rd2 Kf7 44. Kf2 Rh8 45. Kg3 Bd7 46. Nc2 Bc8 47. Nb4 Bb7 48. Rd4 Re8 49. Nxd5 Bxd5 50. Rxd5 Re2 51. Rf5+ Kg6 52. Rf2 Re4 53. h4 1-0

[Event "RA-2013-0-00292"]
[Site "LSS email"]
[Date "2013.10.07"]
[Round "?"]
[White "Khan, Valery"]
[Black "Meier, Christian"]
[Result "1/2-1/2"]
[WhiteElo "2122"]
[BlackElo "2201"]
[PlyCount "67"]
[EventDate "2013.09.06"]
[EventType "tourn (corr)"]
[EventRounds "6"]
[EventCountry "GER"]
[SourceTitle "Telechess CBM 167"]
[Source "ChessBase"]
[SourceDate "2015.07.13"]
[SourceVersion "1"]
[SourceVersionDate "2015.07.13"]
[SourceQuality "1"]

1. e4 c5 2. Nf3 e6 3. d4 cxd4 4. Nxd4 Nc6 5. Nc3 Qc7 6. Be3 a6 7. a3 b5 8. Nxc6 Qxc6 9. Be2 Bb7 10. Qd2 b4 11. axb4 Bxb4 12. f3 Nf6 13. 0-0 0-0 14. Qd4 a5 15. e5 Bxc3 16. bxc3 Nd5 17. Bd2 Ne7 18. Rfb1 Nf5 19. Qb6 Qxb6+ 20. Rxb6 Bc6 21. Bb5 Bxb5 22. Rxb5 a4 23. Rb4 a3 24. Rb3 d6 25. g4 Nh4 26. c4 dxe5 27. Raxa3 h5 28. Bg5 Ng6 29. gxh5 Nf4 30. Be7 Rxa3 31. Rxa3 Rc8 32. c5 Nxh5 33. Ra6 Nf4 34. Bd6 1/2-1/2

[Event "RA-2013-0-00292"]
[Site "LSS email"]
[Date "2013.10.07"]
[Round "?"]
[White "Krol, Wladyslaw"]
[Black "Meier, Christian"]
[Result "0-1"]
[WhiteElo "1967"]
[BlackElo "2201"]
[PlyCount "72"]
[EventDate "2013.09.06"]
[EventType "tourn (corr)"]
[EventRounds "6"]
[EventCountry "GER"]
[SourceTitle "Telechess CBM 167"]
[Source "ChessBase"]
[SourceDate "2015.07.13"]
[SourceVersion "1"]
[SourceVersionDate "2015.07.13"]
[SourceQuality "1"]

1. e4 c5 2. f4 d5 3. Nf3 dxe4 4. Ng5 Bf5 5. Bc4 e6 6. Nc3 Nf6 7. Bb5+ Nc6 8. Bxc6+ bxc6 9. Qe2 Qd4 10. Qa6 Rd8 11. Qxc6+ Qd7 12. Qxd7+ Rxd7 13. 0-0 Nd5 14. Ngxe4 Nb4 15. Rb1 Nxc2 16. b3 Nb4 17. Ba3 Be7 18. Rbc1 0-0 19. Ng3 Bd3 20. Rf3 a5 21. Nge4 c4 22. bxc4 Rc8 23. Nf2 Bg6 24. g4 Rxc4 25. f5 exf5 26. gxf5 Bh5 27. Rh3 Bg4 28. Nxg4 Rxg4+ 29. Kf1 Rxd2 30. Re3 Rf4+ 31. Ke1 Rd7 32. f6 Rxf6 33. Bxb4 axb4 34. Nd5 Rxd5 35. Rxe7 g5 36. Rc4 Ra5 0-1

[Event "RA-2013-0-00292"]
[Site "LSS email"]
[Date "2013.10.07"]
[Round "?"]
[White "Meier, Christian"]
[Black "Van Hooff, Ruud"]
[Result "1/2-1/2"]
[WhiteElo "2201"]
[BlackElo "2120"]
[PlyCount "85"]
[EventDate "2013.09.06"]
[EventType "tourn (corr)"]
[EventRounds "6"]
[EventCountry "GER"]
[SourceTitle "Telechess CBM 167"]
[Source "ChessBase"]
[SourceDate "2015.07.13"]
[SourceVersion "1"]
[SourceVersionDate "2015.07.13"]
[SourceQuality "1"]

1. e4 c6 2. d4 d5 3. e5 Bf5 4. Nf3 e6 5. Be2 c5 6. Be3 cxd4 7. Nxd4 Ne7 8. Nd2 Nbc6 9. N2f3 Be4 10. 0-0 Ng6 11. Bb5 Qc7 12. Ng5 Ngxe5 13. c4 a6 14. Ba4 Qd7 15. Nxe4 dxe4 16. Qe2 Rc8 17. Rad1 Qc7 18. Nxc6 bxc6 19. Bc2 h5 20. h3 f5 21. c5 Kf7 22. b4 Be7 23. Bb3 Rcd8 24. f3 exf3 25. gxf3 Nd3 26. Bxe6+ Kxe6 27. Bf4+ Ne5 28. Rfe1 Rxd1 29. Qxd1 Bf6 30. Bxe5 Bxe5 31. f4 Kf7 32. fxe5 Rh6 33. Qd3 Kg8 34. Qxa6 Rg6+ 35. Kh1 Qf7 36. e6 Qe7 37. Qd3 Qh4 38. Rd1 Rxe6 39. Qd8+ Qxd8 40. Rxd8+ Kf7 41. a4 Re1+ 42. Kg2 Rb1 43. b5 1/2-1/2

[Event "CP-2013-P-00012"]
[Site "LSS email"]
[Date "2013.09.30"]
[Round "?"]
[White "Meier, Christian"]
[Black "Lovakovic, Franjo"]
[Result "1/2-1/2"]
[WhiteElo "2248"]
[BlackElo "2305"]
[PlyCount "92"]
[EventDate "2013.10.01"]
[EventType "tourn (corr)"]
[EventRounds "6"]
[EventCountry "GER"]
[SourceTitle "Corr 2015"]
[Source "ChessBase"]
[SourceDate "2015.07.17"]
[SourceVersion "1"]
[SourceVersionDate "2015.07.17"]
[SourceQuality "1"]

1. e4 c5 2. Nf3 d6 3. d4 cxd4 4. Nxd4 Nf6 5. Nc3 a6 6. Be2 e5 7. Nb3 Be7 8. 0-0 0-0 9. Re1 Be6 10. Bf3 Nbd7 11. a4 Rc8 12. a5 Qc7 13. Be3 Bd8 14. h3 h6 15. Nd2 Nb8 16. Qb1 Nc6 17. Nd5 Bxd5 18. Bb6 Qd7 19. exd5 Ne7 20. Bxd8 Qxd8 21. c4 Nd7 22. Qd3 f5 23. Qa3 Nf6 24. Be2 Ng6 25. b4 Qe7 26. Bf1 Kh7 27. Rab1 e4 28. Rbc1 Rfe8 29. Nf3 f4 30. Qb2 Kh8 31. Qd4 Qf7 32. Nd2 e3 33. fxe3 fxe3 34. Rxe3 Rxe3 35. Qxe3 Nxd5 36. Qg3 Qf6 37. Rb1 Nde7 38. Qf2 Qc3 39. Rb3 Qc1 40. Qd4 Nc6 41. Qxd6 Nge5 42. Nf3 Rd8 43. Qc5 Rd1 44. Qf8+ Kh7 45. Nxe5 Nxe5 46. c5 h5 1/2-1/2

[Event "SA-2013-0-00344"]
[Site "LSS email"]
[Date "2013.05.04"]
[Round "?"]
[White "Geiger, Walter"]
[Black "Meier, Christian"]
[Result "1/2-1/2"]
[WhiteElo "2091"]
[BlackElo "2238"]
[PlyCount "66"]
[EventDate "2013.04.14"]
[EventType "tourn (corr)"]
[EventRounds "6"]
[EventCountry "GER"]
[SourceTitle "Telechess CBM 167"]
[Source "ChessBase"]
[SourceDate "2015.07.13"]
[SourceVersion "1"]
[SourceVersionDate "2015.07.13"]
[SourceQuality "1"]

1. e4 c5 2. Nf3 e6 3. Nc3 Nc6 4. d4 cxd4 5. Nxd4 Qc7 6. Be3 Nf6 7. Bd3 a6 8. 0-0 Bd6 9. h3 b5 10. Nb3 Bh2+ 11. Kh1 Bf4 12. Bxf4 Qxf4 13. Qe1 0-0 14. a4 b4 15. Ne2 Qc7 16. Nbd4 Bb7 17. f4 Nxd4 18. Nxd4 Nh5 19. Qe3 d6 20. Kh2 Rfd8 21. a5 Qc5 22. Rf3 Rab8 23. Ra4 Nf6 24. Nb3 Qxe3 25. Rxe3 Bc6 26. Ra1 Bb5 27. Bxb5 Rxb5 28. Ra4 e5 29. fxe5 dxe5 30. Rd3 Ra8 31. Nd2 Kf8 32. Rd6 Ke7 33. Rc6 Nd7 1/2-1/2

[Event "SA-2013-0-00344"]
[Site "LSS email"]
[Date "2013.05.02"]
[Round "?"]
[White "Meier, Christian"]
[Black "Jacewicz, Grzegorz"]
[Result "1/2-1/2"]
[WhiteElo "2238"]
[BlackElo "2028"]
[PlyCount "97"]
[EventDate "2013.04.14"]
[EventType "tourn (corr)"]
[EventRounds "6"]
[EventCountry "GER"]
[SourceTitle "Telechess CBM 167"]
[Source "ChessBase"]
[SourceDate "2015.07.13"]
[SourceVersion "1"]
[SourceVersionDate "2015.07.13"]
[SourceQuality "1"]

1. e4 c5 2. Nf3 d6 3. d4 cxd4 4. Nxd4 Nf6 5. Nc3 e6 6. Be2 a6 7. Qd3 Nbd7 8. 0-0 b6 9. Qg3 Bb7 10. f3 h5 11. a4 h4 12. Qh3 Nc5 13. Bg5 Be7 14. Rad1 Rc8 15. Be3 Qd7 16. Bc4 e5 17. Nf5 g6 18. Nxe7 Qxh3 19. gxh3 Kxe7 20. Rf2 Rh5 21. b3 Rc7 22. Rg2 Ne8 23. Kf1 Nxa4 24. Nxa4 b5 25. Bxf7 Kxf7 26. Nb6 Bc8 27. Nd5 Rb7 28. Ke1 Bxh3 29. Rf2 Be6 30. Nb4 a5 31. Nc6 Rc7 32. Nd8+ Ke7 33. Nxe6 Kxe6 34. Ra1 a4 35. bxa4 bxa4 36. Rxa4 h3 37. c4 Rc6 38. Rf1 Kf6 39. Kf2 Ng7 40. Kg3 Ne6 41. Kg4 Rh8 42. Rd1 Rb8 43. Bf2 Rb2 44. Bg3 Rc2 45. Ra7 Nc7 46. Bh4+ Ke6 47. Kxh3 Rc3 48. Kg4 R3xc4 49. Kg5 1/2-1/2

[Event "SA-2013-0-00343"]
[Site "LSS email"]
[Date "2013.04.29"]
[Round "?"]
[White "Meier, Christian"]
[Black "Hammerschmidt, Volker"]
[Result "1-0"]
[WhiteElo "2200"]
[BlackElo "1835"]
[PlyCount "47"]
[EventDate "2013.04.13"]
[EventType "tourn (corr)"]
[EventRounds "6"]
[EventCountry "GER"]
[SourceTitle "Telechess CBM 167"]
[Source "ChessBase"]
[SourceDate "2015.07.13"]
[SourceVersion "1"]
[SourceVersionDate "2015.07.13"]
[SourceQuality "1"]

1. e4 c5 2. Nf3 Nc6 3. Bb5 g6 4. Bxc6 dxc6 5. d3 Bg7 6. h3 Nf6 7. Nc3 0-0 8. Be3 b6 9. Qd2 e5 10. 0-0 Nd7 11. Bh6 Qe7 12. Nh2 f6 13. Bxg7 Qxg7 14. Rae1 h5 15. Ne2 Bb7 16. f4 exf4 17. Nxf4 Rae8 18. b4 Rf7 19. bxc5 Nxc5 20. Re3 h4 21. Qf2 Nd7 22. Nf3 g5 23. Nxh4 gxh4 24. Qxh4 1-0

[Event "SA-2013-0-00343"]
[Site "LSS email"]
[Date "2013.04.24"]
[Round "?"]
[White "Husemann, Andreas"]
[Black "Meier, Christian"]
[Result "1/2-1/2"]
[WhiteElo "2077"]
[BlackElo "2200"]
[PlyCount "43"]
[EventDate "2013.04.13"]
[EventType "tourn (corr)"]
[EventRounds "6"]
[EventCountry "GER"]
[SourceTitle "Telechess CBM 167"]
[Source "ChessBase"]
[SourceDate "2015.07.13"]
[SourceVersion "1"]
[SourceVersionDate "2015.07.13"]
[SourceQuality "1"]

1. d4 Nf6 2. c4 g6 3. Nc3 d5 4. Nf3 Bg7 5. Qb3 dxc4 6. Qxc4 0-0 7. e4 a6 8. e5 b5 9. Qb3 Nfd7 10. Ng5 Nc6 11. Ne6 Na5 12. Nxd8 Nxb3 13. axb3 Rxd8 14. Bxb5 Bb7 15. Bc4 Bxg2 16. Rg1 Bb7 17. Be3 Nb6 18. Ke2 c5 19. Rgd1 cxd4 20. Bxd4 Nxc4 21. bxc4 Rd7 22. f4 1/2-1/2

[Event "SA-2013-0-00344"]
[Site "LSS email"]
[Date "2013.04.24"]
[Round "?"]
[White "Husemann, Andreas"]
[Black "Meier, Christian"]
[Result "0-1"]
[WhiteElo "2072"]
[BlackElo "2238"]
[PlyCount "102"]
[EventDate "2013.04.14"]
[EventType "tourn (corr)"]
[EventRounds "6"]
[EventCountry "GER"]
[SourceTitle "Telechess CBM 167"]
[Source "ChessBase"]
[SourceDate "2015.07.13"]
[SourceVersion "1"]
[SourceVersionDate "2015.07.13"]
[SourceQuality "1"]

1. d4 Nf6 2. c4 g6 3. Nc3 d5 4. cxd5 Nxd5 5. Bd2 Bg7 6. e4 Nxc3 7. Bxc3 0-0 8. Bc4 c5 9. d5 Bxc3+ 10. bxc3 Qd6 11. Ne2 Nd7 12. Bb3 b5 13. 0-0 a5 14. a4 b4 15. f4 Bb7 16. Ra2 Rac8 17. e5 Qb6 18. c4 e6 19. dxe6 Qxe6 20. Rd2 Rfd8 21. Rd6 Qe7 22. Qd2 Nb6 23. Ng3 f5 24. Re1 Bc6 25. Nf1 Rxd6 26. exd6 Qf6 27. Re5 Nd7 28. Re7 Rd8 29. h4 Nf8 30. Qf2 Qxd6 31. Re3 Ne6 32. g3 Bb7 33. h5 Nd4 34. Bd1 Qc6 35. Qh2 Re8 36. hxg6 hxg6 37. g4 Rxe3 38. Nxe3 Qe4 39. Qg3 b3 40. gxf5 b2 41. Qxg6+ Kf8 42. Qd6+ Qe7 43. Qb8+ Kf7 44. Bh5+ Kg7 45. f6+ Kxf6 46. Nd5+ Bxd5 47. cxd5 Qe1+ 48. Kg2 Qe4+ 49. Kg3 Qd3+ 50. Kf2 Qc2+ 51. Kg3 Qb3+ 0-1

[Event "BI-2013-P-00024"]
[Site "LSS email"]
[Date "2013.04.23"]
[Round "?"]
[White "Frijling, Jeroen"]
[Black "Meier, Christian"]
[Result "1/2-1/2"]
[WhiteElo "2095"]
[BlackElo "2176"]
[PlyCount "65"]
[EventDate "2013.04.25"]
[EventType "tourn (corr)"]
[EventRounds "10"]
[EventCountry "GER"]
[SourceTitle "Telechess CBM 167"]
[Source "ChessBase"]
[SourceDate "2015.07.13"]
[SourceVersion "1"]
[SourceVersionDate "2015.07.13"]
[SourceQuality "1"]

1. d4 Nf6 2. c4 g6 3. Nc3 d5 4. Bf4 Bg7 5. e3 c5 6. dxc5 Qa5 7. Rc1 Ne4 8. cxd5 Nxc3 9. Qd2 Qxa2 10. bxc3 Qxd2+ 11. Kxd2 Nd7 12. Bb5 0-0 13. Bxd7 Bxd7 14. e4 f5 15. e5 Rac8 16. c4 Rxc5 17. Be3 Ra5 18. Nf3 Ra4 19. Rb1 f4 20. Bc5 Rxc4 21. Bxe7 Re8 22. d6 Rec8 23. Rhc1 Rxc1 24. Rxc1 Rxc1 25. Kxc1 h6 26. Bf6 Bf8 27. Nd4 Kf7 28. Bh8 Bc8 29. Kc2 Kg8 30. Bf6 Kf7 31. Bh8 Kg8 32. Bf6 Kf7 33. Bh8 1/2-1/2

[Event "OP-2013-0-02702"]
[Site "LSS email"]
[Date "2013.03.26"]
[Round "?"]
[White "Dlugolecki, Grzegorz"]
[Black "Meier, Christian"]
[Result "0-1"]
[WhiteElo "1637"]
[BlackElo "2015"]
[PlyCount "70"]
[EventDate "2013.03.22"]
[EventType "tourn (corr)"]
[EventRounds "4"]
[EventCountry "GER"]
[SourceTitle "Telechess CBM 159"]
[Source "ChessBase"]
[SourceDate "2014.03.17"]
[SourceVersion "1"]
[SourceVersionDate "2014.03.17"]
[SourceQuality "1"]

1. e4 c5 2. Nf3 e6 3. d4 cxd4 4. Nxd4 Nc6 5. Nc3 Qc7 6. Ndb5 Qb8 7. Be3 a6 8. Bb6 axb5 9. Nxb5 Bb4+ 10. c3 Ba5 11. Nc7+ Qxc7 12. Bxc7 Bxc7 13. Qg4 Kf8 14. Qf3 g6 15. a4 Kg7 16. Bb5 Nf6 17. 0-0 d5 18. exd5 exd5 19. Rfe1 Rd8 20. Bxc6 bxc6 21. b4 Ba6 22. a5 Bd6 23. g4 Bc4 24. h3 h6 25. Qe3 Rdc8 26. Rac1 c5 27. Qd2 Ra6 28. f3 Nd7 29. f4 Nf6 30. Kh1 Ne4 31. Qe3 g5 32. fxg5 hxg5 33. Rc2 Bg3 34. Rg1 Bf4 35. Qf3 Rf6 0-1

[Event "OP-2013-0-02672"]
[Site "LSS email"]
[Date "2013.03.04"]
[Round "?"]
[White "Meier, Christian"]
[Black "Bester, Kazimierz"]
[Result "1-0"]
[WhiteElo "2015"]
[BlackElo "777"]
[PlyCount "29"]
[EventDate "2013.02.27"]
[EventType "tourn (corr)"]
[EventRounds "4"]
[EventCountry "GER"]
[SourceTitle "Corr 2015"]
[Source "ChessBase"]
[SourceDate "2015.07.17"]
[SourceVersion "1"]
[SourceVersionDate "2015.07.17"]
[SourceQuality "1"]

1. e4 d5 2. exd5 Qxd5 3. Nc3 Qa5 4. d4 Nf6 5. Bd2 Nc6 6. Bb5 Bd7 7. Nd5 Qxb5 8. Nxc7+ Kd8 9. Nxb5 a6 10. a4 axb5 11. axb5 Rxa1 12. Qxa1 Nxd4 13. Qa5+ Kc8 14. Bf4 Nd5 15. Qa8# 1-0